[Event "Champions league"]
[Site "SchemingMind.com"]
[Date "2008.10.01"]
[Round "-"]
[White "mmccaffe"]
[Black "z"]
[Result "1/2-1/2"]
[WhiteCountry "USA"]
[BlackCountry "IRQ"]
[WhiteElo "1598"]
[WhiteRD "51"]
[BlackElo "1833"]
[BlackRD "62"]
[GameID "173283"]

1. e4 e5 2. Nf3 Nc6 3. Bb5 d6 4. O-O Bd7 5. c3 Nge7 6. Re1 Ng6 7. d4 a6 8. Ba4 b5 9. Bc2 Qc8 10. d5 Nd8
11. h3 Be7 12. Nbd2 f5 13. exf5 Bxf5 14. Nf1 O-O 15. Ng3 Bxc2 16. Qxc2 Nf7 17. Be3 Nf4 18. Bxf4 exf4 19. Rxe7 fxg3 20. fxg3 Re8
21. Rae1 Rxe7 22. Rxe7 Qd8 23. Qe4 Kf8 24. Re6 g6 25. Qf4 Kg7 26. Qh4 Qxh4 27. Nxh4 Kf8 28. Nf3 Re8 29. Rxe8+ Kxe8 30. Kf2 Ke7
31. Ke3 Kf6 32. Ke4 Ng5+ 33. Nxg5 Kxg5 34. b4 Kf6 35. g4 Kg5 36. g3 Kf6 37. h4 Kf7 38. g5 Ke7 39. a3 Kf7 40. g4 Ke7
41. Kd4 Kd7 42. c4 Kc8 43. cxb5= axb5 44. h5 Kb7 45. Ke4 Kb6 46. Kd4 Kb7 47. Ke4 Kb6 48. Kd4 Kb7
1/2-1/2

[Event "Champions league"]
[Site "SchemingMind.com"]
[Date "2008.10.01"]
[Round "-"]
[White "z"]
[Black "mmccaffe"]
[Result "1/2-1/2"]
[WhiteCountry "IRQ"]
[BlackCountry "USA"]
[WhiteElo "1833"]
[WhiteRD "62"]
[BlackElo "1598"]
[BlackRD "51"]
[GameID "173290"]

1. e4 c5 2. Nf3 d6 3. d4 cxd4 4. Nxd4 Nf6 5. Nc3 a6 6. a4 e5 7. Nb3 Be6 8. f3 Be7 9. Be3 Nbd7 10. Qd2 Qc7
11. Be2 O-O 12. O-O Rac8 13. Rac1 Nb6 14. Na5 Nc4 15. Nxc4 Bxc4 16. Rfd1 Bxe2 17. Qxe2 Qc4 18. Rd3 Qb4 19. Qd2 Rc7 20. b3 Rfc8
21. Nd5 Qxd2 22. Nxe7+ Rxe7 23. Rxd2 Rc6 24. c4 b5 25. axb5 axb5 26. Rdc2 Rec7 27. c5 dxc5 28. Rxc5 Rxc5 29. Rxc5 Rxc5 30. Bxc5 Nd7=
31. Bd6 f6 32. Kf2 Kf7 33. Ke3 Ke6 34. Ba3 Nb8 35. Kd3 Nc6 36. Bc5 f5 37. exf5+ Kxf5 38. Ke3 g6 39. g4+ Ke6 40. Ke4 Na5
41. b4 Nc4 42. h4 Nd2+ 43. Ke3 Nc4+ 44. Ke4 Nd2+ 45. Ke3 Nc4+ 46. Kd3 Kd5 47. Ba7 Nb2+ 48. Kc2 Nc4 49. Kd3 Nb2+ 50. Kc2 Nc4
51. Kd3
1/2-1/2

[Event "Champions league"]
[Site "SchemingMind.com"]
[Date "2008.10.04"]
[Round "-"]
[White "Mihir Naniwadekar"]
[Black "jtrochez1"]
[Result "1-0"]
[WhiteCountry "ENG"]
[BlackCountry "HON"]
[WhiteElo "1949"]
[WhiteRD "92"]
[BlackElo "1623"]
[BlackRD "58"]
[GameID "173710"]

1. d4 d5 2. c4 e6 3. Nc3 c6 4. cxd5 cxd5 5. Bf4 Bb4 6. e3 a6 7. Bd3 Nc6 8. Nf3 f6 9. O-O Nge7 10. a3 Bxc3
11. bxc3 Ng6 12. Bg3 Na5 13. Nh4 Ne7 14. Qh5+ Kd7 15. e4 Qe8 16. Qe2 Nac6 17. exd5 exd5 18. Rfe1 g6 19. Qe6+ Kd8 20. Qd6+ Qd7
21. Qxf6 Qe8 22. Rxe7 Nxe7 23. Qb6+ Kd7 24. Qd6#
1-0

[Event "Champions league"]
[Site "SchemingMind.com"]
[Date "2008.10.04"]
[Round "-"]
[White "jtrochez1"]
[Black "Mihir Naniwadekar"]
[Result "0-1"]
[WhiteCountry "HON"]
[BlackCountry "ENG"]
[WhiteElo "1571"]
[WhiteRD "54"]
[BlackElo "1980"]
[BlackRD "94"]
[GameID "173718"]

1. e4 e6 2. d4 d5 3. e5 c5 4. c3 Nc6 5. Nf3 Qb6 6. Qb3 Qxb3 7. axb3 cxd4 8. cxd4 Nge7 9. Bd2 Nf5 10. Bb5 Bd7
11. Bxc6 Bxc6 12. O-O Be7 13. Nc3 h5 14. Ne2 Bb5 15. Rfe1 Kd7 16. Nc3 Bd3 17. Bf4 Rhc8 18. Bd2 Bc2 19. Nb5 a6 20. Nc3 Bxb3
21. Bg5 Bxg5 22. Nxg5 Nxd4 23. Rac1 b5 24. Nf3 Nxf3+ 25. gxf3 Rc4 26. Kg2 Rac8 27. h3 b4 28. Ne2 Rxc1 29. Rxc1 Rxc1 30. Nxc1 Bc4
31. b3 Bb5 32. f4 d4 33. Kf3 Kc6 34. Ke4 d3 35. Nxd3 Bxd3+ 36. Kxd3 Kd5 37. h4 f6 38. exf6 gxf6 39. f3 a5 40. f5 e5
41. Ke3 Kc5 42. Kd3 Kb5 43. Kc2 a4 44. bxa4+ Kxa4 45. Kb2 b3 46. Kb1 Kb4 47. Kb2 Kc4 48. Kb1 Kc3 49. Ka1 Kc2
0-1

[Event "Champions league"]
[Site "SchemingMind.com"]
[Date "2008.10.09"]
[Round "-"]
[White "lucho-sc"]
[Black "Clive Everill"]
[Result "0-1"]
[WhiteCountry "URU"]
[BlackCountry "CZE"]
[WhiteElo "1181"]
[WhiteRD "87"]
[BlackElo "1683"]
[BlackRD "47"]
[GameID "174233"]

1. e4 e5 2. Nf3 Nc6 3. c3 Nf6 4. d4 Nxe4 5. dxe5 Bc5 6. Be3 Bxe3 7. fxe3 O-O 8. Qd5 Ng5 9. e6 Nxe6 10. Bd3 Ne7
11. Qe4 g6 12. Nbd2 d5 13. O-O-O dxe4 14. Bxe4 Qe8 15. Nc4 Nc5 16. Rd4 Nxe4 17. Rxe4 Bf5 18. Rd4 Nc6 19. Rd5 Qe4 20. Rhd1 Qc2#
0-1

[Event "Champions league"]
[Site "SchemingMind.com"]
[Date "2008.10.09"]
[Round "-"]
[White "Clive Everill"]
[Black "lucho-sc"]
[Result "1-0"]
[WhiteCountry "CZE"]
[BlackCountry "URU"]
[WhiteElo "1644"]
[WhiteRD "50"]
[BlackElo "1037"]
[BlackRD "74"]
[GameID "174246"]

1. e4 e5 2. Nf3 d6 3. d4 Nc6 4. Bb5 a6 5. Ba4 b5 6. Bb3 Bg4 7. d5 Nd4 8. Nbd2 Be7 9. O-O Qd7 10. c3 Nxf3+
11. Nxf3 Nf6 12. Qd3 O-O 13. Nd2 Rab8 14. f3 Bh5 15. c4 c5 16. dxc6 Qxc6 17. Bc2 Qb6+ 18. Kh1 Rbc8 19. cxb5 axb5 20. a4 Qa5
21. Nb3 Qc7 22. Bd1 Qc4 23. Qxc4 Rxc4 24. axb5 d5 25. exd5 Nxd5 26. Be2 Rc2 27. Bd3 Ne3 28. Bxe3
1-0

[Event "Champions league"]
[Site "SchemingMind.com"]
[Date "2008.10.13"]
[Round "-"]
[White "Schaakmaatje"]
[Black "lemmie"]
[Result "1-0"]
[WhiteCountry "NED"]
[BlackCountry "NED"]
[WhiteElo "1804"]
[WhiteRD "46"]
[BlackElo "1721"]
[BlackRD "48"]
[GameID "174345"]

1. e4 e5 2. Nf3 Nc6 3. Bc4 Bc5 4. O-O d6 5. c3 h6 6. h3 Nf6 7. d4 exd4 8. cxd4 Bb4 9. Nc3 O-O 10. Bf4 Bxc3
11. bxc3 Nxe4 12. Qc1 d5 13. Bd3 Nf6 14. Qc2 Be6 15. Rab1 b6 16. Rfe1 Re8 17. Bb5 Bd7 18. Rxe8+ Nxe8 19. Re1 a6 20. Bd3 Nf6
21. Be5 a5 22. Bh2 a4 23. Ne5 Na5 24. f4 b5 25. Qf2 c6 26. g4 Nb7 27. Qg3 Nd6 28. g5 Nfe4 29. Bxe4 Nxe4 30. Rxe4 dxe4
31. gxh6 Be6 32. Qxg7#
1-0

[Event "Champions league"]
[Site "SchemingMind.com"]
[Date "2008.10.12"]
[Round "-"]
[White "lemmie"]
[Black "Schaakmaatje"]
[Result "0-1"]
[WhiteCountry "NED"]
[BlackCountry "NED"]
[WhiteElo "1721"]
[WhiteRD "48"]
[BlackElo "1804"]
[BlackRD "46"]
[GameID "174356"]

1. e4 d6 2. d4 g6 3. Nf3 Nd7 4. Nc3 Bg7 5. Be3 c6 6. Bd3 Ngf6 7. h3 O-O 8. O-O Re8 9. a3 h6 10. Qd2 Kh7
11. Rfe1 e5 12. dxe5 dxe5 13. Rad1 Qc7 14. Bc4 Nb6 15. Bxf7 Qxf7 16. Qd6 Nc4 17. Qb4 Nxe3 18. Rxe3 Bf8 19. Qa5 Nd7 20. Red3 Nc5
21. Re3 b6 22. Qb4 Nd3 23. Qb3 Qxb3 24. cxb3 Nf4 25. b4 Bg7 26. Rd6 Re6 27. Rd8 Re7 28. Re1 Bb7 29. Red1 Rxd8 30. Rxd8 Ne6
31. Rd1 Nd4
0-1

[Event "Champions league"]
[Site "SchemingMind.com"]
[Date "2008.10.12"]
[Round "-"]
[White "G-Money"]
[Black "Teagy"]
[Result "1-0"]
[WhiteCountry "USA"]
[BlackCountry "ENG"]
[WhiteElo "1742"]
[WhiteRD "89"]
[BlackElo "1816"]
[BlackRD "77"]
[GameID "174487"]

1. d4 e6 2. e4 d5 3. e5 c5 4. c3 Nc6 5. Nf3 Bd7 6. Be2 f6 7. Bf4 fxe5 8. dxe5 Nge7 9. O-O Ng6 10. Bg5 Qc7
11. Re1 Ncxe5 12. Nbd2 Bd6 13. Nf1 O-O 14. Ng3 Nxf3+ 15. Bxf3 Rae8 16. Be3 b6 17. Bh5 Bc6 18. Bxg6 hxg6 19. Qg4 Rf6 20. Rad1 Ref8
21. Rd2 e5 22. Bg5 Bd7 23. Qd1 Re6 24. Rxd5 Bc6 25. Rd2 e4 26. Qb3 Bd7 27. Rxe4 Bxg3 28. hxg3 Re8 29. Rde2 Qc6 30. Qc4 b5
31. Rxe6 Bxe6 32. Qe4 Bd7 33. Qxc6 Bxc6 34. Rxe8+ Bxe8 35. Be3
1-0

[Event "Champions league"]
[Site "SchemingMind.com"]
[Date "2008.10.12"]
[Round "-"]
[White "Teagy"]
[Black "G-Money"]
[Result "1/2-1/2"]
[WhiteCountry "ENG"]
[BlackCountry "USA"]
[WhiteElo "1816"]
[WhiteRD "77"]
[BlackElo "1742"]
[BlackRD "89"]
[GameID "174498"]

1. e4 g6 2. Nc3 Bg7 3. d4 e6 4. Be3 c6 5. Qd2 d5 6. e5 f6 7. f4 Qb6 8. Na4 Qc7 9. Be2 f5 10. Nc5 b6
11. Nd3 Bf8 12. Nh3 h6 13. Nhf2 a5 14. g4 Be7 15. gxf5 exf5 16. Rg1 Be6 17. Rxg6 Bf7 18. Rg2 Nd7 19. O-O-O c5 20. Rdg1 c4
21. Ne1 Bb4 22. c3 Bf8 23. Nf3 O-O-O 24. Qc2=
1/2-1/2

[Event "Champions league"]
[Site "SchemingMind.com"]
[Date "2008.10.12"]
[Round "-"]
[White "mohamedhector2"]
[Black "jl1234"]
[Result "0-1"]
[WhiteCountry "EGY"]
[BlackCountry "POL"]
[WhiteElo "1317"]
[WhiteRD "121"]
[BlackElo "1712"]
[BlackRD "66"]
[GameID "174604"]

1. Nf3 d5 2. g3 Nc6 3. d4 Nf6 4. Bg2 Bg4 5. Nbd2 e6 6. c4 Qd6 7. cxd5 Qxd5 8. O-O Nxd4 9. Nxd4 Qxd4 10. Bxb7 Rd8
11. Bc6+ Nd7 12. Nf3 Qxd1 13. Rxd1 Bd6 14. Be3 a6 15. Bb7 Nb8 16. Ba7 O-O 17. Rd4 Bxf3 18. exf3 a5 19. Rad1 Nd7 20. Ra4 Nc5
21. Bxc5 Bxc5 22. Rxd8 Rxd8 23. Rxa5 Bb6 24. Rb5 Rd2 25. a4 Bxf2+ 26. Kh1 Rd1+ 27. Kg2 Bb6 28. a5 Ba7 29. h3 g6 30. b4 Rd2+
31. Kf1 Rb2 32. Bc6 Kf8 33. Rb7 Bd4 34. b5 Be5 35. b6 cxb6 36. a6 Ra2 37. a7 Kg7 38. Rd7 Bxg3 39. a8=Q Rxa8 40. Bxa8 Bf4
41. Ke2 Be5 42. Kd3 Bh2 43. Bc6 Bg1
0-1

[Event "Champions league"]
[Site "SchemingMind.com"]
[Date "2008.10.12"]
[Round "-"]
[White "jl1234"]
[Black "mohamedhector2"]
[Result "1-0"]
[WhiteCountry "POL"]
[BlackCountry "EGY"]
[WhiteElo "1712"]
[WhiteRD "66"]
[BlackElo "1317"]
[BlackRD "121"]
[GameID "174608"]

1. e4 c6 2. Qf3 d5 3. d4 dxe4 4. Qxe4 Nf6 5. Qd3 e6 6. Nf3 Nbd7 7. Be2 Qc7 8. O-O c5 9. Nc3 a6 10. Bg5 Be7
11. Qd2 O-O 12. Bd3 cxd4 13. Nxd4 Rd8 14. Nf3 Nc5 15. h3 b5 16. Qe2 Nxd3 17. cxd3 Bb7 18. Bxf6 Bxf6 19. Ne4 Qe7 20. Rac1 g6
21. b3 Bg7 22. Rc2 Rac8 23. Rfc1 Rxc2 24. Rxc2 Rc8 25. Rxc8+ Bxc8 26. Qc2 Bb7 27. Qc5 Bf8 28. Qc1 f5 29. Ned2 Qd6 30. Qe1 Bg7
31. Qe3 h6 32. d4 Qd5 33. Nb1 b4 34. Nbd2 g5 35. Nc4 g4 36. hxg4 fxg4 37. Ne1 Qe4 38. Nd6 Qxe3 39. fxe3 Ba8 40. Nd3
1-0

[Event "Champions league"]
[Site "SchemingMind.com"]
[Date "2008.10.12"]
[Round "-"]
[White "capablanca"]
[Black "Marklt"]
[Result "1-0"]
[WhiteCountry "GER"]
[BlackCountry "URU"]
[WhiteElo "1710"]
[WhiteRD "58"]
[BlackElo "1456"]
[BlackRD "112"]
[GameID "174771"]

1. e4 c5 2. Nc3 Nc6 3. Nf3 a6 4. d4 cxd4 5. Nxd4 Nf6 6. Be3 e5 7. Nf5 d6 8. Ng3 Be7 9. Bc4 O-O 10. Nd5 b5
11. Bb3 Rb8 12. Nxe7+ Nxe7 13. O-O Bb7 14. f3 d5 15. exd5 Bxd5 16. Bxd5 Nfxd5 17. Bf2 Qd6 18. Ne4 Qd8 19. Re1 Rc8 20. c3 Qc7
21. Bg3 Rfd8 22. Qb3 Qb6+ 23. Bf2 Qg6 24. Ng3 Nf4 25. Be3 Nd3 26. Re2 Nd5 27. Bf2 Nxf2 28. Kxf2 Nf4 29. Rc2 Qb6+ 30. Kf1 Nd5
31. Re2 Ne3+ 32. Rxe3 Qxe3 33. Re1 Qh6 34. Nf5 Qf6 35. Ne3 Rd2 36. Ng4 Qh4 37. Rxe5 h5 38. Rf5 hxg4 39. Qxf7+
1-0

[Event "Champions league"]
[Site "SchemingMind.com"]
[Date "2008.10.12"]
[Round "-"]
[White "Marklt"]
[Black "capablanca"]
[Result "0-1"]
[WhiteCountry "URU"]
[BlackCountry "GER"]
[WhiteElo "1456"]
[WhiteRD "112"]
[BlackElo "1710"]
[BlackRD "58"]
[GameID "174778"]

1. e4 e5 2. Nf3 Nc6 3. Bb5 Bc5 4. Bxc6 dxc6 5. d3 f6 6. O-O Bg4 7. h3 Bh5 8. Nbd2 Qd7 9. Nc4 O-O-O 10. Re1 Ne7
11. a3 g5 12. Be3 Bb6 13. Bxb6 cxb6 14. Ne3 g4 15. Nh4 Rhg8 16. hxg4 Bxg4 17. f3 Bh5 18. Qd2 Qh3 19. Qf2 Rg3 20. Nhf5 Nxf5
21. Nxf5 Rg5 22. b4 Bxf3 23. Nh4 Bh5 24. Nf5 Kb8 25. Nh6 Bg6 26. Nf5 Bxf5 27. exf5 Qxf5 28. Qxf5 Rxf5 29. Rf1 Rxf1+ 30. Rxf1 Rf8
31. Rf5 Kc7 32. Kf2 Kd6 33. g4 Ke6 34. Kg3 Rg8 35. Rh5 Rg7 36. Kf3 Kd5 37. Rh6 Rf7
0-1

[Event "Champions league"]
[Site "SchemingMind.com"]
[Date "2008.10.17"]
[Round "-"]
[White "JasonY1982"]
[Black "Zagloba"]
[Result "1/2-1/2"]
[WhiteCountry "USA"]
[BlackCountry "POL"]
[WhiteElo "2065"]
[WhiteRD "69"]
[BlackElo "1857"]
[BlackRD "93"]
[GameID "175177"]

1. e4 b6 2. d4 Bb7 3. Nc3 e6 4. Nf3 Ne7 5. Bd3 g6 6. Be3 Bg7 7. Qd2 h6 8. Ne2 d6 9. c3 Nd7 10. O-O g5
11. h3 Ng6 12. Rac1 O-O 13. Ng3 Nf6 14. c4 c5 15. d5 exd5 16. exd5 b5=
1/2-1/2

[Event "Champions league"]
[Site "SchemingMind.com"]
[Date "2008.10.17"]
[Round "-"]
[White "mapache"]
[Black "sidra"]
[Result "1/2-1/2"]
[WhiteCountry "URU"]
[BlackCountry "HUN"]
[WhiteElo "1749"]
[WhiteRD "152"]
[BlackElo "1640"]
[BlackRD "87"]
[GameID "175178"]

1. e4 e5 2. Nf3 d6 3. d4 exd4 4. Nxd4 a6 5. Nc3 c5 6. Nf5 g6 7. Ne3 b5 8. Ncd5 Bg7 9. c3 Bb7 10. g3 Nc6
11. Bg2 Nge7 12. O-O Nxd5 13. Nxd5 Ne5 14. Bf4 Nc4 15. Rb1 O-O 16. Re1 Re8 17. b3 Ne5 18. Rc1 Bxd5 19. Qxd5 c4 20. bxc4 bxc4
21. Bxe5 Bxe5 22. Qxc4 a5 23. Red1 Rc8 24. Qd3 Qb6 25. Kh1 Qxf2 26. Rd2 Qb6 27. c4 Red8 28. Qb3 Qc5 29. Rd5 Qa7 30. Qa4 Rc5
31. Rb1 Rxd5 32. cxd5 Qc5 33. Qb3 Qc7 34. Bf3 h5 35. Qb6 Rc8 36. Qe3 Qc2 37. Qb3 Qxb3 38. axb3 Rc3 39. Bg2 Rc5=
1/2-1/2

[Event "Champions league"]
[Site "SchemingMind.com"]
[Date "2008.10.17"]
[Round "-"]
[White "Zagloba"]
[Black "JasonY1982"]
[Result "0-1"]
[WhiteCountry "POL"]
[BlackCountry "USA"]
[WhiteElo "1857"]
[WhiteRD "93"]
[BlackElo "2065"]
[BlackRD "69"]
[GameID "175185"]

1. e4 d6 2. d4 Nf6 3. Nc3 g6 4. Be2 Bg7 5. h4 O-O 6. g4 d5 7. e5 Ne4 8. h5 c5 9. hxg6 fxg6 10. Nxe4 dxe4
11. Be3 cxd4 12. Bxd4 Nc6 13. c3 Bxe5 14. Qc2 Nxd4 15. cxd4 Qxd4
0-1

[Event "Champions league"]
[Site "SchemingMind.com"]
[Date "2008.10.17"]
[Round "-"]
[White "sidra"]
[Black "mapache"]
[Result "0-1"]
[WhiteCountry "HUN"]
[BlackCountry "URU"]
[WhiteElo "1640"]
[WhiteRD "87"]
[BlackElo "1749"]
[BlackRD "152"]
[GameID "175186"]

1. d4 Nf6 2. c4 g6 3. e3 d5 4. a3 c6 5. c5 Bg7 6. f3 Nbd7 7. b4 O-O 8. Bd3 e5 9. Bb2 Qc7 10. Ne2 Re8
11. O-O e4 12. fxe4 Nxe4 13. Bxe4 Rxe4 14. Rf3 Nf6 15. Nbc3 Re7 16. h3 Bd7 17. a4 Rae8 18. Bc1 Bf5 19. b5 Be4 20. Nxe4 Nxe4
21. Qb3 Nxc5 22. Qa3 Ne4 23. Rb1 Nd6 24. bxc6 Qxc6 25. Nc3 Nc4 26. Qb3 Nxe3 27. Bxe3 Rxe3 28. Rxe3 Rxe3 29. Qxd5 Rxc3 30. Qd8+ Bf8
31. d5 Rc1+ 32. Rxc1 Qxc1+ 33. Kh2 Qf4+ 34. Kg1 Qxa4 35. Kh1 Qb4 36. h4 Qd6 37. Qa5 a6 38. Qd2 b5 39. Qd3 b4 40. g3 b3
41. Qxb3 a5 42. Qd3 a4 43. Kh2 a3 44. Qb3 Qb4 45. Qd1 a2 46. d6 Bxd6 47. Qa1 Qb1 48. Qd4 a1=Q 49. Qxa1 Qxa1 50. Kg2 Qe1
0-1

[Event "Champions league"]
[Site "SchemingMind.com"]
[Date "2008.10.22"]
[Round "-"]
[White "danielleivanovic"]
[Black "Andreas Flato"]
[Result "0-1"]
[WhiteCountry "SRB"]
[BlackCountry "GER"]
[WhiteElo "1371"]
[WhiteRD "242"]
[BlackElo "1815"]
[BlackRD "70"]
[GameID "175291"]

1. d4 e6 2. e4 d5 3. Nd2 c5 4. exd5 exd5 5. Bb5+ Bd7 6. Qe2+ Qe7 7. Bxd7+ Nxd7 8. dxc5 Qxe2+ 9. Nxe2 Bxc5 10. Nb3 Bb6
0-1

[Event "Champions league"]
[Site "SchemingMind.com"]
[Date "2008.10.22"]
[Round "-"]
[White "Andreas Flato"]
[Black "danielleivanovic"]
[Result "1-0"]
[WhiteCountry "GER"]
[BlackCountry "SRB"]
[WhiteElo "1815"]
[WhiteRD "70"]
[BlackElo "1371"]
[BlackRD "242"]
[GameID "175304"]

1. e4 e5 2. Nf3 Nf6 3. d3 Nc6 4. Be2 d5 5. exd5 Nxd5 6. O-O Be7 7. Bd2 Be6 8. Nc3 O-O 9. Re1 f6 10. h3 Qd7
11. Nxd5
1-0

[Event "Champions league"]
[Site "SchemingMind.com"]
[Date "2008.10.24"]
[Round "-"]
[White "Aadsje"]
[Black "JPT"]
[Result "1-0"]
[WhiteCountry "NED"]
[BlackCountry "INT"]
[WhiteElo "2143"]
[WhiteRD "59"]
[BlackElo "1798"]
[BlackRD "80"]
[GameID "175550"]

1. e4 e5 2. Nf3 Nc6 3. Bc4 Bc5 4. O-O d6 5. c3 Bg4 6. d4 exd4 7. b4 Bb6 8. Bb5 Ne7 9. cxd4 O-O 10. d5 Ne5
11. Be2 Nxf3+ 12. Bxf3 Bxf3 13. Qxf3 Bd4 14. Nc3 Ng6 15. Bd2 a6 16. Rac1 b5 17. Ne2 Ne5 18. Qg3 Nc4 19. Rxc4 Bxf2+ 20. Rxf2 bxc4
21. Bh6
1-0

[Event "Champions league"]
[Site "SchemingMind.com"]
[Date "2008.11.30"]
[Round "-"]
[White "smothered mate"]
[Black "Schaakmaatje"]
[Result "1-0"]
[WhiteCountry "POL"]
[BlackCountry "NED"]
[WhiteElo "1921"]
[WhiteRD "50"]
[BlackElo "1752"]
[BlackRD "60"]
[GameID "180819"]

1. e4 c5 2. c3 Qa5 3. Nf3 Nc6 4. Bc4 b5 5. Bb3 c4 6. Bc2 d6 7. h3 g6 8. O-O Nf6 9. Na3 Bb7 10. d3 Qa6
11. Qe2 Rc8 12. dxc4 bxc4 13. Qxc4 Qxc4 14. Nxc4 Nb4 15. Ba4+ Bc6 16. Bxc6+ Nxc6 17. e5 dxe5 18. Ncxe5 Nxe5 19. Nxe5 Bg7 20. Be3 Nd5
21. Bd4 O-O 22. Nd7 Rfd8 23. Bxg7 Rxd7 24. Bd4 Nf4 25. Rfe1 e6 26. Rad1 Rcd8 27. Re4 g5 28. Rde1 f5 29. Rxf4 gxf4 30. Rxe6 Rd5
31. f3 R8d7 32. Ra6 R5d6 33. Ra4 a6 34. Kf2 Kf7 35. Ke2 Re6+ 36. Kd2 Rd5 37. Kd3 Rc6 38. Rc4 Re6 39. Rc7+ Kg6 40. h4 Red6
41. Rg7+ Kh6 42. Rg5 Rg6 43. c4 Ra5 44. Rxg6+ Kxg6 45. a3 Kf7 46. Bc3 Rc5 47. Bd2 Rc8 48. Bxf4 Ke6 49. b4 Rd8+ 50. Kc3 Rg8
51. g3 Rd8 52. a4 h5 53. b5 axb5 54. cxb5 Kd5 55. b6 Kc6 56. Bc7 Rd1 57. a5 Ra1 58. Kb4 Rb1+ 59. Kc4 Rc1+ 60. Kd4 Ra1
61. Ke5 Rxa5+ 62. Kf4 Ra3 63. Kxf5 Ra5+ 64. Kg6 Rb5 65. g4 hxg4 66. fxg4 Kd5 67. h5 Ke6 68. h6 Kd7 69. h7
1-0

[Event "Champions league"]
[Site "SchemingMind.com"]
[Date "2008.12.01"]
[Round "-"]
[White "Schaakmaatje"]
[Black "smothered mate"]
[Result "0-1"]
[WhiteCountry "NED"]
[BlackCountry "POL"]
[WhiteElo "1759"]
[WhiteRD "55"]
[BlackElo "1878"]
[BlackRD "51"]
[GameID "180825"]

1. e4 e5 2. Nc3 Nc6 3. Nf3 Bb4 4. Bc4 Nf6 5. O-O O-O 6. Re1 Bxc3 7. bxc3 d6 8. d4 Bg4 9. Bb2 Re8 10. Bd3 Qe7
11. Re3 Rad8 12. Qd2 d5 13. dxe5 Nxe4 14. Qc1 Bxf3 15. Rxf3 Nxe5 16. Re3 Nxf2 17. Rxe5 Nh3+ 18. gxh3 Qxe5 19. Qd2 Rd6 20. Rf1 Rh6
21. Bf5 Qd6 22. Bc1 Rf6 23. Qg2 Qc5+ 24. Kh1 d4 25. cxd4 Qxf5 26. Rg1 Rg6 27. Qf1 Re1
0-1

[Event "Champions league"]
[Site "SchemingMind.com"]
[Date "2008.12.18"]
[Round "-"]
[White "JasonY1982"]
[Black "Aadsje"]
[Result "0-1"]
[WhiteCountry "USA"]
[BlackCountry "NED"]
[WhiteElo "2048"]
[WhiteRD "69"]
[BlackElo "2208"]
[BlackRD "59"]
[GameID "183885"]

1. e4 c5 2. Nf3 Nc6 3. d4 cxd4 4. Nxd4 Nf6 5. Nc3 d6 6. Bg5 e6 7. Qd2 a6 8. O-O-O Bd7 9. f4 b5 10. Nxc6 Bxc6
11. Bd3 b4 12. Ne2 Qb6 13. Ng3 Qc5 14. Kb1 Be7 15. Rhe1 h6 16. Bh4 g5 17. fxg5 Nd7 18. Qf4 hxg5
0-1

[Event "Champions league"]
[Site "SchemingMind.com"]
[Date "2008.12.18"]
[Round "-"]
[White "Aadsje"]
[Black "JasonY1982"]
[Result "1/2-1/2"]
[WhiteCountry "NED"]
[BlackCountry "USA"]
[WhiteElo "2203"]
[WhiteRD "60"]
[BlackElo "2035"]
[BlackRD "71"]
[GameID "183891"]

1. d4 Nf6 2. c4 e6 3. Nf3 Bb4+ 4. Bd2 Bxd2+ 5. Nbxd2 O-O 6. e3 b6 7. Bd3 Bb7 8. Qc2 c5 9. dxc5 bxc5 10. Ng5 h6
11. Nh7 Nxh7 12. Bxh7+ Kh8 13. Be4 Bxe4 14. Nxe4 Qc7 15. O-O f5 16. Nc3 a6 17. Rad1 Nc6 18. Ne2 Rfd8 19. Rd2 Nb4 20. Qd1 Nxa2
21. Nf4 Nb4 22. g4 fxg4 23. Ng6+ Kg8 24. Qxg4 Nc6 25. Qe4 Rab8= 26. Qf4 Qxf4 27. Nxf4 Kf7 28. Nd3 d6 29. h4 Ne5 30. Nxe5+=
1/2-1/2

[Event "Champions league"]
[Site "SchemingMind.com"]
[Date "2008.12.23"]
[Round "-"]
[White "Holy Hippo"]
[Black "G-Money"]
[Result "1-0"]
[WhiteCountry "USA"]
[BlackCountry "USA"]
[WhiteElo "1823"]
[WhiteRD "97"]
[BlackElo "1742"]
[BlackRD "89"]
[GameID "184792"]

1. e4 e5 2. Ne2 f5 3. exf5 d5 4. d4 e4 5. Ng3 h6 6. Qh5+ Kd7 7. c4 Nf6 8. Qg6 Nc6 9. Be3 Qe7 10. cxd5 Nxd5
11. Bc4 Qb4+ 12. Nd2 Nce7 13. Qf7 c6 14. Nxe4 b5 15. Nc5+ Kd8 16. Bxd5 Nxd5 17. b3 Qc3 18. Ke2 Bxc5 19. dxc5 Re8 20. Rac1 Qf6
21. Qxf6+ Nxf6 22. Rhe1 Bxf5 23. Kf1 Kc8 24. h3 Kb7 25. b4 Nd5 26. a3 a5 27. Bd4 axb4 28. axb4 Nxb4 29. Bxg7 h5 30. Rxe8 Rxe8
31. Nf3 Nd3 32. Rc3 Rg8 33. Be5 Re8 34. Bd6 b4 35. Rb3 Ka6 36. Kg1 Kb5 37. g4 hxg4 38. hxg4 Be4 39. Nd2 Bg6 40. f4 Ka4
41. f5 Nc1 42. Rb1 Re1+ 43. Kh2 Re2+ 44. Kg3 Rxd2 45. fxg6 Re2 46. g7 Re8 47. Rxc1 Rg8 48. Be5 b3 49. Rh1 b2 50. Bxb2
1-0

[Event "Champions league"]
[Site "SchemingMind.com"]
[Date "2008.12.23"]
[Round "-"]
[White "G-Money"]
[Black "Holy Hippo"]
[Result "0-1"]
[WhiteCountry "USA"]
[BlackCountry "USA"]
[WhiteElo "1742"]
[WhiteRD "89"]
[BlackElo "1823"]
[BlackRD "97"]
[GameID "184803"]

1. d4 Nf6 2. c4 c5 3. d5 b5 4. b3 g6 5. Bb2 bxc4 6. bxc4 Bg7 7. Nc3 d6 8. Rb1 Bf5 9. e4 Nxe4 10. Rc1 Qa5
11. Ne2 e6 12. g3 Nd7 13. Bg2 Nb6 14. O-O Nxc4 15. Ba1 Nxc3 16. Bxc3 Bxc3 17. Nxc3 Rb8 18. Qa4+ Qxa4 19. Nxa4 Nb6 20. Nxb6 axb6
21. Rfe1 O-O 22. h3 b5 23. g4 Bd3 24. dxe6 fxe6 25. Rxe6 Rbd8 26. Bd5 Kg7 27. Re7+ Kh8 28. Rce1 c4 29. Rb7 Rde8 30. Rxe8 Rxe8
31. Rxb5 c3 32. Rb3 c2 33. Rc3 Re1+ 34. Kh2 c1=Q 35. Rxc1 Rxc1 36. a4 Rd1
0-1

[Event "Champions league"]
[Site "SchemingMind.com"]
[Date "2009.01.17"]
[Round "-"]
[White "capablanca"]
[Black "jl1234"]
[Result "0-1"]
[WhiteCountry "GER"]
[BlackCountry "POL"]
[WhiteElo "1669"]
[WhiteRD "61"]
[BlackElo "1742"]
[BlackRD "66"]
[GameID "187474"]

1. e4 c5 2. Nf3 e6 3. d4 d5 4. exd5 exd5 5. dxc5 Bxc5 6. Bd3 h6 7. Qe2+ Ne7 8. Be3 Bd6 9. Nd4 O-O 10. a3 Nec6
11. Nxc6 Nxc6 12. Qh5 Re8 13. O-O Re5 14. Qf3 Re6 15. Bf5 Rf6 16. g4 Ne5 17. Qxd5 Nxg4 18. Bxc8 Bxh2+
0-1

[Event "Champions league"]
[Site "SchemingMind.com"]
[Date "2009.01.17"]
[Round "-"]
[White "jl1234"]
[Black "capablanca"]
[Result "1-0"]
[WhiteCountry "POL"]
[BlackCountry "GER"]
[WhiteElo "1779"]
[WhiteRD "66"]
[BlackElo "1647"]
[BlackRD "62"]
[GameID "187478"]

1. e4 e5 2. Nf3 Nc6 3. d4 exd4 4. Nxd4 Bc5 5. c3 d6 6. Bb5 Ne7 7. Bg5 Bd7 8. Nxc6 Bxc6 9. Bxc6+ bxc6 10. O-O O-O
11. Qg4 Qc8 12. Qg3 Ng6 13. b4 Bb6 14. Na3 Qe6 15. Qd3 Qg4 16. Be3 Nh4 17. g3 Nf3+ 18. Kg2 Qh5 19. Rh1 Ne5 20. Qd1 Qxd1
21. Rhxd1 Bxe3 22. fxe3 Rab8 23. Rd4 Rfe8 24. Rb1 Re6 25. Rf1 h6 26. h3 Rbe8 27. Rf2 Ng6 28. Kf3 Rf6+ 29. Ke2 Rxf2+ 30. Kxf2 Ne5
31. Nb1 Re6 32. Nd2 Rf6+ 33. Kg2 Kf8 34. c4 Ke7 35. c5 Nd7 36. Nb3 Nb8 37. Rc4 d5 38. exd5 cxd5 39. Rd4 Ke6 40. Rf4 Rxf4=
41. exf4 Kf5 42. Kf3 Nc6 43. b5 Nb4 44. Nd4+ Kf6 45. a4 Ke7 46. Ke3 g5 47. Nf5+ Kf6 48. Nxh6 gxf4+ 49. gxf4 Nc2+ 50. Kd3 Ne1+
51. Kd4 Ng2 52. Ng4+ Ke6 53. f5+ Kxf5 54. Kxd5 Nf4+ 55. Kc6 Ne6 56. a5 Ke4 57. b6 cxb6 58. cxb6 axb6 59. a6 b5 60. a7
1-0